Statistics for Peninsulas by Cities

Click here to take the quiz!

General Stats

  • This quiz has been taken 35 times
  • The average score is 15 of 22

Answer Stats

Cities Peninsula % Correct
Oslo, MalmoScandinavia
100%
Mecca, DubaiArabia
100%
Miami, OrlandoFlorida
100%
Rome, NaplesItaly
94%
Hanoi, BangkokIndochina
94%
Seville, PortoIberia
94%
Sevastopol, YaltaCrimea
94%
Busan, IncheonKorea
94%
Doha, Al KhorQatar
88%
Izmir, AntalyaAnatolia
88%
Kuala Lumpur, Johor BahruMalay
84%
Merida, CancunYucatan
84%
Aalborg, BillundJutland
63%
Plymouth, PenzanceCornwall
59%
Sparta, KalamataPeloponnese
56%
Grand Rapids, FlintLower
38%
Barnstable, ProvincetownCape Cod
31%
Dire Dawa, BosasoHorn of Africa
25%
Cairns, Archer RiverCape York
25%
Port Angeles, ForksOlympic
19%
Taranto, BrindisiApulia
16%
Dover, SalisburyDelmarva
6%

Score Distribution

Percentile by Number Answered

Percent of People with Each Score

Your Score History

You have not taken this quiz